岁时茶山记 (Record no. 322911)

000 -LEADER
fixed length control field 00356 a2200145 4500
020 ## - ISBN
ISBN 9787108074355
082 ## - 索书号 Call Number
分类号Classification number 974.8
作者号 Author number 7680
100 ## - 作者
作者 陈重穆;徐千懿 著
245 ## - 书名 TITLE
书名Title 岁时茶山记
250 ## - 版本 EDITION STATEMENT
版本叙述 Edition statement 初版;平装
260 ## - 出版项PUBLICATION, DISTRIBUTION, ETC. (IMPRINT)
出版社 Name of publisher 生活.读书.新知三联书店
出版日期 Date of publication 2022
出版地 Place of publication 北京
300 ## - 稽核项 PHYSICAL DESCRIPTION
页数 Number of Pages 378页
尺寸 Dimensions 24公分
500 ## - 一般附注 GENERAL NOTE
附注 General note
942 ## - ADDED ENTRY ELEMENTS (KOHA)
Koha item type Books
Holdings
Source of classification or shelving scheme Not for loan Permanent Location Current Location Shelving location Date acquired Source of acquisition Cost, normal purchase price Full call number Barcode Cost, replacement price Koha item type
    LIBRARY CHUNG HWA HIGH SCHOOL MUAR LIBRARY CHUNG HWA HIGH SCHOOL MUAR 9 艺术类(一楼) 2026-03-25 98.00 974.8 7680 050261 196.00 Books

Powered by Koha